| 000 | 00000nam##2200000za#4500 |
| 001 | 9.700276 |
| 003 | CaOODSP |
| 005 | 20250506145324 |
| 007 | cr ||||||||||| |
| 008 | 150407|1967||||xxc|||||o f|0| 0 eng|d |
| 040 | |aCaOODSP|beng |
| 043 | |an-cn--- |
| 086 | 1 |aA53-1024/1967E-PDF |
| 110 | 1 |aCanada.|bAgriculture Canada. |
| 245 | 10|aPasture renovation in the Maritime Provinces / |h[electronic resource]|c[by] F.W. Calder and F.S. Warren. |
| 250 | |aRevision |
| 260 | |aOttawa - Ontario : |bAgriculture Canada |c1967. |
| 300 | |a16p.|bfigs., illus., tables |
| 500 | |aHistorical publication digitized by Agriculture and Agri-Food Canada. |
| 590 | |a15-02-Supp|b2015-02-16 |
| 690 | 07|aGardening|2gcpds |
| 690 | 07|aNorthern Canada|2gcpds |
| 720 | 1 |aCalder, F. W. |
| 720 | 1 |aWarren, F. S. |
| 775 | 08|tLa régénération des pâturages dans les provinces Maritimes / |w(CaOODSP)9.644176 |
| 856 | 40|ahttp://publications.gc.ca|qPDF|s1420 KB|uhttps://publications.gc.ca/collections/collection_2015/aac-aafc/A53-1024-1967-eng.pdf |
| 986 | |aPublication 1024 |